[Event "ICS rated blitz match"]
[Site "204.178.125.65"]
[Date "2000.09.19"]
[Round "?"]
[White "Hossa"]
[Black "Champo"]
[Result "1-0"]
[WhiteElo "2567"]
[BlackElo "1918"]
[PlyCount "47"]
[EventDate "2000.??.??"]

1. e4 c5 2. Nf3 Nc6 3. d4 cxd4 4. Nxd4 e5 5. Nb5 d6 6. N1c3 a6 7. Na3 f5 8.
exf5 Bxf5 9. Bc4 Nf6 10. Bg5 Be7 11. O-O Rc8 12. Bxf6 Bxf6 13. Bd5 b5 14. Ne4
Ke7 15. c3 Qd7 16. Qf3 g6 17. Nxf6 Kxf6 18. g4 e4 19. Qf4 Ne7 20. Bxe4 d5 21.
Bg2 g5 22. Qd4+ Kg6 23. gxf5+ Nxf5 24. Qxd5 {Champo resigns} 1-0

[Event "ICS rated blitz match"]
[Site "204.178.125.65"]
[Date "2000.09.19"]
[Round "?"]
[White "Champo"]
[Black "Hossa"]
[Result "0-1"]
[WhiteElo "1917"]
[BlackElo "2568"]
[PlyCount "31"]
[EventDate "2000.??.??"]

1. e4 e5 2. Nf3 Nc6 3. b3 Nf6 4. Bb2 Bc5 5. Bb5 Nxe4 6. O-O f6 7. d4 exd4 8.
Re1 f5 9. Nfd2 O-O 10. Nxe4 fxe4 11. Rxe4 d3 12. Bxd3 d5 13. Rg4 Bxg4 14. Qxg4
Qe7 15. Nd2 Rxf2 16. b4 {Champo resigns} 0-1

[Event "ICS rated blitz match"]
[Site "204.178.125.65"]
[Date "2000.09.19"]
[Round "?"]
[White "Hossa"]
[Black "Champo"]
[Result "1-0"]
[WhiteElo "2569"]
[BlackElo "1916"]
[PlyCount "31"]
[EventDate "2000.??.??"]

1. e4 c5 2. Nf3 Nc6 3. d4 cxd4 4. Nxd4 e5 5. Nb5 d6 6. N1c3 a6 7. Na3 f5 8.
exf5 b5 9. Qh5+ Kd7 10. Nd5 Nf6 11. Qf7+ Ne7 12. Nxf6+ gxf6 13. Qxf6 Rg8 14.
Qh4 Bb7 15. f6 Ng6 16. Qxh7+ {Champo resigns} 1-0

[Event "ICS rated blitz match"]
[Site "204.178.125.65"]
[Date "2000.09.19"]
[Round "?"]
[White "Champo"]
[Black "Hossa"]
[Result "0-1"]
[WhiteElo "1915"]
[BlackElo "2570"]
[PlyCount "68"]
[EventDate "2000.??.??"]

1. e4 e5 2. Nf3 Nc6 3. b3 Nf6 4. Bb2 Bc5 5. Nc3 Ng4 6. d4 exd4 7. Na4 Bb4+ 8.
c3 dxc3 9. Bxc3 Qe7 10. Bd3 Bxc3+ 11. Nxc3 Qc5 12. Qd2 Nxf2 13. Na4 Nxd3+ 14.
Qxd3 Qe7 15. O-O O-O 16. Nc3 d6 17. Nd5 Qd8 18. Nd4 Nxd4 19. Qxd4 Re8 20. Rf4
Re5 21. Raf1 f6 22. R1f3 Be6 23. Rg3 Bxd5 24. exd5 Re1+ 25. Kf2 Qe7 26. Qd3 Re8
27. Rh3 Qe2+ 28. Qxe2 R1xe2+ 29. Kf1 Rxa2 30. Rc3 Re5 31. Rd4 Rf5+ 32. Ke1 Rff2
33. Rxc7 Rxg2 34. Kf1 Rxh2 {Champo resigns} 0-1

[Event "ICS Rated blitz match"]
[Site "204.178.125.65"]
[Date "2000.09.19"]
[Round "?"]
[White "Hossa"]
[Black "RebelTiger"]
[Result "0-1"]
[WhiteElo "2551"]
[BlackElo "2829"]
[PlyCount "54"]
[EventDate "2000.??.??"]

1. e4 e5 2. Nf3 d6 3. d4 exd4 4. Nxd4 Nf6 5. Nc3 Be7 6. Be2 O-O 7. O-O a6 8.
Bf4 Nc6 9. Nxc6 bxc6 10. e5 dxe5 11. Bxe5 Bd6 12. Qd4 Bxe5 13. Qxe5 Qd6 14. Qg5
h6 15. Qa5 Ng4 16. Bxg4 Bxg4 17. Rfe1 Qg6 18. Qxc7 Qxc2 19. Nd5 Qxb2 20. Ne7+
Kh8 21. Qxc6 Be6 22. a4 Rfe8 23. Rab1 Qd2 24. Red1 Qg5 25. Rb7 Rad8 26. Rxd8
Rxd8 27. Qc2 Bh3 {Hossa resigns} 0-1

[Event "ICS rated blitz match"]
[Site "204.178.125.65"]
[Date "2000.09.19"]
[Round "?"]
[White "Powerslave"]
[Black "Hossa"]
[Result "1-0"]
[WhiteElo "2733"]
[BlackElo "2546"]
[PlyCount "115"]
[EventDate "2000.??.??"]

1. e4 e5 2. Nf3 Nc6 3. Bb5 a6 4. Bxc6 dxc6 5. O-O Bg4 6. h3 h5 7. d3 Qf6 8.
Nbd2 Ne7 9. Nc4 Bxf3 10. Qxf3 Qxf3 11. gxf3 Ng6 12. Be3 b5 13. Nd2 Kd7 14. a4
Bb4 15. c3 Be7 16. b4 Rhd8 17. Nb3 Nh4 18. f4 exf4 19. Bxf4 g5 20. Bg3 Nf3+ 21.
Kg2 g4 22. axb5 cxb5 23. Rh1 Kc8 24. d4 Re8 25. hxg4 hxg4 26. e5 Rf8 27. Rh7
Ng5 28. Rg7 Ne4 29. Rc1 Bg5 30. Re1 Nd2 31. Nc5 Be7 32. e6 Nf3 33. Re3 Bxc5 34.
dxc5 fxe6 35. Rxc7+ Kd8 36. Rg7 Kc8 37. Rxe6 Kd8 38. Rd6+ Ke8 39. Rdd7 Rf6 40.
Rge7+ Kf8 41. Rh7 Ke8 42. Rde7+ Kf8 43. Bd6 Rxd6 44. cxd6 Kg8 45. Reg7+ Kf8 46.
Rxg4 Rd8 47. Rh8+ Kf7 48. Rxd8 Ne5 49. Re4 Kf6 50. f4 Nc6 51. Rf8+ Kg6 52. d7
Kg7 53. Rc8 Nd8 54. Rxd8 Kf7 55. Rg8 Kf6 56. d8=Q+ Kf5 57. Qd5+ Kf6 58. Qe6# {
Hossa checkmated} 1-0

[Event "ICS Rated standard match"]
[Site "204.178.125.65"]
[Date "2000.09.19"]
[Round "?"]
[White "Hossa"]
[Black "Interceptor"]
[Result "1/2-1/2"]
[WhiteElo "2343"]
[BlackElo "2604"]
[PlyCount "178"]
[EventDate "2000.??.??"]

1. e4 d6 2. d4 Nf6 3. Nc3 g6 4. f4 Bg7 5. Nf3 c5 6. Bb5+ Bd7 7. e5 Ng4 8. e6
fxe6 9. Ng5 Bxb5 10. Nxb5 Qa5+ 11. c3 Qxb5 12. Qxg4 cxd4 13. Nxe6 Qc4 14. Nxg7+
Kf7 15. Nf5 Qe6+ 16. Ne3 dxe3 17. f5 gxf5 18. O-O Nd7 19. Rxf5+ Ke8 20. Qh5+
Kd8 21. Rf1 Kc7 22. Qe2 Rhf8 23. Rxf8 Rxf8 24. Bxe3 Ne5 25. b3 b6 26. Rf1 Rxf1+
27. Kxf1 Qf5+ 28. Ke1 h5 29. h3 h4 30. Kd1 e6 31. Kc1 d5 32. Kd2 Kd6 33. Qe1
Qd3+ 34. Kc1 Qe4 35. Qd2 Nd3+ 36. Kd1 e5 37. Bg5 Nc5 38. Qc2 b5 39. a3 Nd3 40.
Bxh4 a6 41. Qe2 Qxe2+ 42. Kxe2 Nc1+ 43. Kd1 Nxb3 44. Bf2 Na5 45. h4 Nc4 46. h5
Ke6 47. Bc5 Kf6 48. g4 a5 49. h6 Kg6 50. g5 Nb2+ 51. Kd2 Nc4+ 52. Ke2 Kh7 53.
Be7 Kg6 54. Kd3 Kh7 55. Kc2 Ne3+ 56. Kd2 Nc4+ 57. Kd1 Ne3+ 58. Ke2 Nc4 59. Bc5
Nb2 60. Kd2 Nc4+ 61. Ke1 Kg6 62. Be7 Kh7 63. Bd8 Kg6 64. Ke2 Nd6 65. Kd1 Nf7
66. Be7 Kf5 67. Ke2 d4 68. cxd4 exd4 69. Kd2 b4 70. a4 b3 71. Bc5 Kxg5 72. h7
Kg6 73. Bxd4 Kxh7 74. Kc3 Kg6 75. Kxb3 Kf5 76. Bc3 Ke6 77. Bxa5 Kd5 78. Bb6 Kc6
79. Bg1 Kb7 80. Kb4 Ka6 81. Bd4 Nd8 82. Bc5 Nc6+ 83. Kc3 Kb7 84. Be3 Na5 85.
Kb4 Ka6 86. Bd4 Nc6+ 87. Kc5 Nxd4 88. Kxd4 Ka5 89. Ke4 Kxa4 {
Game drawn because neither player has mating material} 1/2-1/2

[Event "ICS rated standard match"]
[Site "204.178.125.65"]
[Date "2000.09.19"]
[Round "?"]
[White "TerraPi"]
[Black "Hossa"]
[Result "0-1"]
[WhiteElo "2354"]
[BlackElo "2353"]
[PlyCount "146"]
[EventDate "2000.??.??"]

1. Nc3 d5 2. e4 Nf6 3. exd5 Nxd5 4. Qf3 Nb4 5. Bc4 e6 6. Bb3 Nd7 7. Ba4 c6 8.
a3 Nd5 9. Nge2 Nc5 10. O-O Qh4 11. g3 Qf6 12. Qxf6 Nxf6 13. d4 Nxa4 14. Nxa4 b6
15. Nac3 Ba6 16. Bg5 Be7 17. a4 h6 18. Bf4 O-O 19. a5 Bb4 20. axb6 axb6 21.
Rfd1 Ra7 22. Rdc1 g5 23. Be5 Ng4 24. Ra4 Bxc3 25. Nxc3 f5 26. Bc7 b5 27. Bb6
Raa8 28. Rb4 Nf6 29. Bc5 Rfe8 30. Rb3 e5 31. dxe5 Nd7 32. Be3 Nxe5 33. Kg2 Bc8
34. Rd1 Be6 35. Rb4 Kf7 36. h4 Rg8 37. Rd6 f4 38. Bc5 f3+ 39. Kh1 Bf5 40. Nd1
Ra1 41. Kh2 Nc4 42. Rxc4 bxc4 43. Ne3 Be6 44. Rxc6 gxh4 45. Rc7+ Kg6 46. gxh4
Kh5 47. Rc6 Rg6 48. Be7 Ra5 49. Rb6 Re5 50. Bd6 Rxe3 51. Rb5+ Kg4 52. fxe3 Bd7
53. Rc5 Rxd6 54. Rxc4+ Kf5 55. Kg3 Bc6 56. h5 Be4 57. Rd4 Rxd4 58. exd4 Bb7 59.
Kf2 Ke4 60. d5 Bxd5 61. b3 Kd4 62. b4 Bc6 63. b5 Bxb5 64. Kxf3 Ba4 65. c4 Bd1+
66. Kf4 Bxh5 67. c5 Kxc5 68. Ke5 Bg4 69. Kf6 Kd5 70. Kg6 h5 71. Kf6 h4 72. Kg5
h3 73. Kxg4 h2 {TerraPi resigns} 0-1

[Event "ICS rated blitz match"]
[Site "204.178.125.65"]
[Date "2000.09.19"]
[Round "?"]
[White "Hossa"]
[Black "Powerslave"]
[Result "0-1"]
[WhiteElo "2538"]
[BlackElo "2744"]
[PlyCount "105"]
[EventDate "2000.??.??"]

1. e4 c5 2. Nf3 e6 3. d4 cxd4 4. Nxd4 a6 5. Nc3 b5 6. Bd3 Qb6 7. Nf3 Qc7 8. O-O
Bb7 9. a4 b4 10. Ne2 Bd6 11. Re1 Ne7 12. Be3 f5 13. e5 Bxe5 14. Nxe5 Qxe5 15.
Bb6 O-O 16. Qd2 a5 17. Bb5 Qd5 18. Qxd5 Nxd5 19. Bd4 Nc6 20. Bc5 Rfc8 21. Bd6
Nd8 22. Bxd7 Rxc2 23. b3 Nc3 24. Nd4 Rd2 25. Be5 Bd5 26. Be8 Nf7 27. Bxf7+ Kxf7
28. Rac1 Rb2 29. Ra1 Rc8 30. Re3 Kg8 31. Rg3 g6 32. Rd3 Bxb3 33. Nxb3 Rxb3 34.
Rd7 Rb1+ 35. Rxb1 Nxb1 36. f3 Rc5 37. f4 Nc3 38. Rg7+ Kf8 39. Rxh7 Nxa4 40.
Bd6+ Kg8 41. Ra7 Rc1+ 42. Kf2 b3 43. Ra8+ Kf7 44. Be5 Rc5 45. h4 b2 46. Ra7+
Ke8 47. Bxb2 Nxb2 48. Ke3 Rc3+ 49. Ke2 a4 50. Ke1 a3 51. Ke2 Rc2+ 52. Ke3 Nd1+
53. Kd4 {Hossa resigns} 0-1

[Event "ICS rated blitz match"]
[Site "204.178.125.65"]
[Date "2000.09.19"]
[Round "?"]
[White "harimau"]
[Black "Hossa"]
[Result "1-0"]
[WhiteElo "2731"]
[BlackElo "2568"]
[PlyCount "125"]
[EventDate "2000.??.??"]

1. d4 d5 2. c4 e6 3. Nc3 Nf6 4. cxd5 exd5 5. Bg5 Be7 6. e3 O-O 7. Bd3 c6 8. Qc2
Nbd7 9. Nge2 Re8 10. O-O Nf8 11. a3 Bd6 12. Bf4 Bxf4 13. Nxf4 Re7 14. h3 b6 15.
b4 a6 16. Nfe2 Ng6 17. Ng3 Rc7 18. Na4 Rb8 19. Rfc1 Qd6 20. Rab1 Nh4 21. Ne2
Qd8 22. Nf4 Qd7 23. Nc3 Qd8 24. a4 Bb7 25. Ra1 c5 26. bxc5 bxc5 27. dxc5 Rxc5
28. Rab1 Rc7 29. Rb4 Ne4 30. Nfxd5 Bxd5 31. Rxb8 Qxb8 32. Bxe4 Bxe4 33. Qxe4
Ng6 34. Rb1 Qc8 35. Nd5 f5 36. Qd3 Rc1+ 37. Rxc1 Qxc1+ 38. Kh2 Qc8 39. f4 Kf7
40. Nb4 Ne7 41. Nxa6 Qc1 42. a5 g6 43. Nb8 Qc7 44. Qb3+ Kg7 45. a6 Qa7 46. Qe6
h6 47. Nd7 Ng8 48. Qe5+ Kf7 49. Qd4 Qxa6 50. Ne5+ Kf6 51. Qd8+ Ne7 52. Qf8+ Ke6
53. Qf7+ Kd6 54. Qf6+ Kc7 55. Qxa6 g5 56. Qa7+ Kd6 57. Qb6+ Kd5 58. Qd4+ Ke6
59. Qd7+ Kf6 60. Qd6+ Kg7 61. Qxe7+ Kh8 62. Qf7 h5 63. Ng6# {Hossa checkmated}
1-0

[Event "ICS rated blitz match"]
[Site "204.178.125.65"]
[Date "2000.09.19"]
[Round "?"]
[White "Hossa"]
[Black "Powerslave"]
[Result "0-1"]
[WhiteElo "2559"]
[BlackElo "2753"]
[PlyCount "58"]
[EventDate "2000.??.??"]

1. e4 d6 2. d4 Nf6 3. Nc3 g6 4. f4 Bg7 5. Nf3 O-O 6. Bd3 Na6 7. O-O c5 8. d5
Bg4 9. Bxa6 bxa6 10. h3 Bxf3 11. Rxf3 Rb8 12. Qe2 a5 13. f5 Nd7 14. Kh1 Bd4 15.
Bh6 Re8 16. fxg6 hxg6 17. Rb1 e6 18. Qd2 Ne5 19. Rg3 Nc4 20. Qe2 Qh4 21. dxe6
Rxe6 22. Rg4 Qxh6 23. Qxc4 Rxb2 24. Qf1 Bxc3 25. Rxb2 Bxb2 26. Kh2 Qd2 27. Qb1
Be5+ 28. Kh1 Rf6 29. g3 Rf2 {Hossa resigns} 0-1

[Event "ICS rated blitz match"]
[Site "204.178.125.65"]
[Date "2000.09.19"]
[Round "?"]
[White "Sofie"]
[Black "Hossa"]
[Result "0-1"]
[WhiteElo "1951"]
[BlackElo "2563"]
[PlyCount "76"]
[EventDate "2000.??.??"]

1. d4 d5 2. c4 c6 3. Nc3 Nf6 4. Nf3 e6 5. Bg5 Nbd7 6. e3 Be7 7. a3 h6 8. Bh4 g5
9. Bg3 Nh5 10. Bd3 Nxg3 11. hxg3 dxc4 12. Bxc4 b5 13. Bd3 g4 14. Ne5 Nxe5 15.
dxe5 Bb7 16. Qxg4 Qxd3 17. Rd1 Qc2 18. Qg7 Rh7 19. Qg8+ Bf8 20. O-O Rg7 21. Qh8
Rc8 22. Rd6 a5 23. Rfd1 Qg6 24. Rd7 f5 25. Rxg7 Qxg7 26. Qxg7 Bxg7 27. f4 Bf8
28. Ne2 c5 29. Kf2 Rd8 30. Rxd8+ Kxd8 31. g4 fxg4 32. Ng3 b4 33. e4 bxa3 34.
bxa3 c4 35. a4 c3 36. Ke2 Ba6+ 37. Kd1 Bd3 38. f5 c2+ {Sofie resigns} 0-1

[Event "ICS rated blitz match"]
[Site "204.178.125.65"]
[Date "2000.09.19"]
[Round "?"]
[White "Sofie"]
[Black "Hossa"]
[Result "0-1"]
[WhiteElo "1949"]
[BlackElo "2565"]
[PlyCount "59"]
[EventDate "2000.??.??"]

1. e4 e5 2. Nf3 Nc6 3. Bb5 a6 4. Ba4 Nf6 5. O-O Be7 6. Re1 b5 7. Bb3 d6 8. c3
O-O 9. h3 Bb7 10. d4 Re8 11. Nbd2 Bf8 12. Nf1 exd4 13. cxd4 Nxe4 14. Bd5 Nf6
15. Bb3 Rxe1 16. Qxe1 a5 17. Bxf7+ Kxf7 18. Ng5+ Kg6 19. f4 Nxd4 20. Ne3 c5 21.
Kh2 Ne4 22. g4 Qxg5 23. f5+ Kf7 24. Qf1 Nd2 25. Bxd2 Nf3+ 26. Kg3 Qh4+ 27. Kf4
Be7 28. Nd5 Nxd2 29. Nxe7 Nxf1 30. Rxf1 {Sofie resigns} 0-1

[Event "ICS rated blitz match"]
[Site "204.178.125.65"]
[Date "2000.09.19"]
[Round "?"]
[White "Hossa"]
[Black "Tinker"]
[Result "1/2-1/2"]
[WhiteElo "2566"]
[BlackElo "2415"]
[PlyCount "106"]
[EventDate "2000.??.??"]

1. e4 e5 2. Nf3 Nf6 3. Nxe5 d6 4. Nf3 Nxe4 5. d4 d5 6. Bd3 Nc6 7. O-O Bg4 8. c3
Qe7 9. Re1 O-O-O 10. b4 Qe6 11. a4 Bd6 12. a5 a6 13. b5 axb5 14. Bxb5 Na7 15.
Bd3 Qg6 16. a6 b6 17. c4 Qh5 18. h3 Bxf3 19. Qxf3 Qxf3 20. gxf3 Nf6 21. Be3
dxc4 22. Bxc4 Bb4 23. Rc1 Nd5 24. Ra2 b5 25. Bd3 Rd6 26. Be4 Rf8 27. Rac2 Ba5
28. Rc5 Nxe3 29. Bb7+ Kd8 30. fxe3 f5 31. Kf2 f4 32. Rg1 Bb6 33. Rd5 Re8 34.
Rxd6+ cxd6 35. Rxg7 fxe3+ 36. Ke2 b4 37. Rxh7 Bxd4 38. Bd5 Re5 39. Bb3 Ra5 40.
Rb7 Nc6 41. Bc4 Ra1 42. Bd5 Rxb1 43. Bxc6 Rb2+ 44. Kd3 Rd2+ 45. Kc4 e2 46. Rd7+
Kc8 47. Re7 Bf2 48. Kb5 b3 49. Re8+ Kc7 50. Re7+ Kd8 51. Re8+ Kc7 52. Re7+ Kd8
53. Re8+ Kc7 {Game drawn by repetition} 1/2-1/2

[Event "ICS rated blitz match"]
[Site "204.178.125.65"]
[Date "2000.09.19"]
[Round "?"]
[White "Tinker"]
[Black "Hossa"]
[Result "0-1"]
[WhiteElo "2422"]
[BlackElo "2559"]
[PlyCount "58"]
[EventDate "2000.??.??"]

1. e4 e5 2. d4 exd4 3. Qxd4 Nc6 4. Qd1 Nf6 5. Nc3 Bb4 6. Bd2 Qe7 7. f3 d5 8.
Nge2 dxe4 9. fxe4 Nxe4 10. Nxe4 Qxe4 11. a3 Bc5 12. Bg5 O-O 13. b4 Bd4 14. Rc1
Bc3+ 15. Bd2 Rd8 16. Bxc3 Rxd1+ 17. Rxd1 a6 18. Rd2 Bg4 19. Bb2 Re8 20. h3 Bh5
21. h4 a5 22. b5 Na7 23. b6 cxb6 24. Kd1 Nb5 25. Rg1 Qxh4 26. g3 Qe4 27. g4
Bxg4 28. Rg2 f6 29. Rd3 a4 {Tinker resigns} 0-1

[Event "ICS rated blitz match"]
[Site "204.178.125.65"]
[Date "2000.09.19"]
[Round "?"]
[White "D-Zagorskis"]
[Black "Hossa"]
[Result "1-0"]
[WhiteElo "2693"]
[BlackElo "2569"]
[PlyCount "96"]
[EventDate "2000.??.??"]

1. c4 e6 2. Nc3 g6 3. d4 d5 4. Nf3 Nf6 5. Bg5 c6 6. e3 h6 7. Bf4 Nh5 8. Be5 Ng7
9. h3 Nd7 10. Bh2 Be7 11. Bd3 dxc4 12. Bxc4 O-O 13. O-O c5 14. Rc1 cxd4 15.
Nxd4 Nb6 16. Be2 f6 17. Bf3 e5 18. Ndb5 Kh8 19. Qe2 Bc5 20. Rfd1 Qe7 21. Ne4
Bb4 22. a3 f5 23. axb4 fxe4 24. Bxe4 Rf6 25. Qd2 Bd7 26. Nc7 Raf8 27. f3 Ba4
28. Re1 Bc6 29. Bxc6 bxc6 30. Na6 e4 31. fxe4 Qxe4 32. Nc5 Qd5 33. Qxd5 cxd5
34. Be5 R6f7 35. Bxg7+ Rxg7 36. Ne6 Rff7 37. Nxg7 Kxg7 38. Rc5 Re7 39. Kf2 Kf6
40. b3 Ke5 41. Rec1 Re8 42. Rc7 Rf8+ 43. Ke2 Ra8 44. R1c6 Kf5 45. Rf7+ Kg5 46.
Rg7 Kh4 47. Rcxg6 Kh5 48. Rd6 d4 {Hossa resigns} 1-0

[Event "ICS rated blitz match"]
[Site "204.178.125.65"]
[Date "2000.09.19"]
[Round "?"]
[White "Hossa"]
[Black "harimau"]
[Result "0-1"]
[WhiteElo "2558"]
[BlackElo "2740"]
[PlyCount "90"]
[EventDate "2000.??.??"]

1. e4 e5 2. Nf3 Nc6 3. Nc3 Nf6 4. Nxe5 Nxe5 5. d4 Ng6 6. e5 Ng8 7. Bc4 d6 8.
Qf3 Qd7 9. O-O dxe5 10. dxe5 Bc5 11. e6 fxe6 12. Rd1 Qf7 13. Bb5+ Ke7 14. Bg5+
Nf6 15. Ne4 Bb4 16. Qb3 Bd6 17. Qc3 Rd8 18. Nxd6 cxd6 19. Qc7+ Bd7 20. Rxd6 Nf8
21. Bxd7 N8xd7 22. Rad1 Ke8 23. Qxb7 Rab8 24. Qc6 Rb6 25. Qc7 Rxb2 26. Re1 Rb6
27. Rd2 Rdb8 28. Rde2 e5 29. Qxa7 Qc4 30. f3 Ra6 31. Qe3 Rxa2 32. Rc1 Nd5 33.
Qd2 Rbb2 34. g3 h6 35. Bf4 Qc5+ 36. Kh1 Ne7 37. Be3 Qc6 38. Kg2 Ra3 39. g4 Nf6
40. Kg3 e4 41. f4 Nxg4 42. Kxg4 Qg6+ 43. Kh4 Rb5 44. f5 Nxf5+ 45. Kh3 Nxe3 {
Hossa resigns} 0-1

[Event "ICS rated blitz match"]
[Site "204.178.125.65"]
[Date "2000.09.19"]
[Round "?"]
[White "motipen"]
[Black "Hossa"]
[Result "0-1"]
[WhiteElo "2014"]
[BlackElo "2550"]
[PlyCount "66"]
[EventDate "2000.??.??"]

1. d4 d5 2. c4 c6 3. Nf3 Nf6 4. Qc2 dxc4 5. Qxc4 Bf5 6. Nc3 e6 7. Bg5 Qb6 8.
Qb3 Qxb3 9. axb3 Bb4 10. Bxf6 gxf6 11. e3 Rg8 12. Kd2 Nd7 13. Nh4 Bg4 14. h3
Bh5 15. Bd3 f5 16. g4 fxg4 17. Bxh7 Rh8 18. Bd3 gxh3 19. Rxh3 Bg4 20. Rh2 Be7
21. Rah1 Bd6 22. f4 O-O-O 23. Ne4 Bb4+ 24. Kc2 Kc7 25. Nf2 Nf6 26. f5 Rh5 27.
fxe6 Bxe6 28. Nf3 Rxh2 29. Rxh2 Nd5 30. Nd1 Bd6 31. Rh7 Nb4+ 32. Kc3 Nxd3 33.
Kxd3 Bf5+ {motipen resigns} 0-1

[Event "ICS rated blitz match"]
[Site "204.178.125.65"]
[Date "2000.09.19"]
[Round "?"]
[White "Hossa"]
[Black "Dorky"]
[Result "0-1"]
[WhiteElo "2551"]
[BlackElo "2486"]
[PlyCount "128"]
[EventDate "2000.??.??"]

1. e4 c5 2. c3 Nf6 3. e5 Nd5 4. d4 cxd4 5. Nf3 e6 6. cxd4 d6 7. Nc3 dxe5 8.
dxe5 Bb4 9. Bd2 O-O 10. Be2 Bxc3 11. bxc3 Qc7 12. c4 Nb6 13. Bb4 Rd8 14. Bd6
Qc6 15. Bd3 f5 16. Qc2 Qa4 17. Qc3 Nc6 18. O-O Qa5 19. Qxa5 Nxa5 20. Rac1 Bd7
21. Rfd1 Ba4 22. Rd2 g6 23. Ng5 Re8 24. c5 Nd5 25. Be2 Nf4 26. Bf1 h6 27. Rd4
Bc6 28. Rxf4 hxg5 29. Rb4 Bd5 30. Rc3 Nc6 31. Rxb7 Nxe5 32. Rc7 Nf7 33. Ra3 a5
34. Bd3 g4 35. Bf4 Red8 36. Bf1 e5 37. Be3 Rdb8 38. Rd7 Rd8 39. Rxd8+ Nxd8 40.
Bg5 Ne6 41. Bf6 e4 42. Be7 Kf7 43. Bd6 a4 44. Bb5 Ra5 45. Bf1 Nxc5 46. Bxc5
Rxc5 47. Rxa4 Rc2 48. Ra7+ Kf6 49. a3 f4 50. Rd7 Ke6 51. Rg7 Rc1 52. h4 Kf6 53.
Rd7 Bc4 54. Kh2 Rxf1 55. Rd4 Be2 56. Rxe4 Rxf2 57. Rxe2 Rxe2 58. Kg1 g3 59. Kf1
Ra2 60. h5 gxh5 61. a4 Kf5 62. Ke1 f3 63. gxf3 g2 64. f4 g1=Q# {
Hossa checkmated} 0-1

[Event "ICS Rated blitz match"]
[Site "204.178.125.65"]
[Date "2000.09.19"]
[Round "?"]
[White "matemastr"]
[Black "Hossa"]
[Result "1-0"]
[WhiteElo "2807"]
[BlackElo "2532"]
[PlyCount "139"]
[EventDate "2000.??.??"]

1. e4 e5 2. Nf3 Nc6 3. Bc4 Bc5 4. c3 Nf6 5. d3 d6 6. O-O O-O 7. Nbd2 a6 8. Bb3
Be6 9. h3 Qe7 10. Bxe6 fxe6 11. b4 Ba7 12. a4 Nd7 13. Bb2 Qf6 14. Qc2 d5 15.
Rfe1 Qf4 16. b5 Ne7 17. Ba3 Rf7 18. bxa6 bxa6 19. Bxe7 Rxe7 20. exd5 exd5 21.
Qb3 Qf7 22. Qb7 Ree8 23. Qxc7 Bb6 24. Qd6 Bc5 25. Qc6 Rec8 26. Qb7 Rcb8 27. Qc7
Rb2 28. Reb1 Bxf2+ 29. Kh1 Rxb1+ 30. Rxb1 Rf8 31. Nxe5 Nxe5 32. Qxe5 Kh8 33. d4
Rd8 34. Rb8 Rxb8 35. Qxb8+ Qg8 36. Qe5 h6 37. Qe2 Bg3 38. Qxa6 Qe8 39. a5 Bc7
40. Nf1 Qf8 41. Kg1 Qb8 42. Ne3 Qb1+ 43. Kf2 Kh7 44. Qe2 Bxa5 45. Nxd5 Qf5+ 46.
Qf3 Qc2+ 47. Kg3 Kg8 48. Kf4 Qc1+ 49. Ke5 Qb1 50. Ne7+ Kh7 51. d5 Qe1+ 52. Kd6
Qb1 53. Kd7 Qb5+ 54. Ke6 Qb1 55. d6 Qb3+ 56. Qd5 Qxd5+ 57. Nxd5 h5 58. c4 Kg6
59. c5 Kg5 60. c6 Kh4 61. c7 Bxc7 62. dxc7 Kg3 63. c8=Q Kxg2 64. Qc2+ Kg3 65.
Qc3+ Kg2 66. Qd2+ Kf3 67. Qe3+ Kg2 68. Nf4+ Kf1 69. Qf3+ Kg1 70. Qg2# {
Hossa checkmated} 1-0

[Event "ICS rated blitz match"]
[Site "204.178.125.65"]
[Date "2000.09.19"]
[Round "?"]
[White "samkic"]
[Black "Hossa"]
[Result "0-1"]
[WhiteElo "2316"]
[BlackElo "2527"]
[PlyCount "88"]
[EventDate "2000.??.??"]

1. e4 c5 2. Nf3 e6 3. d4 cxd4 4. Nxd4 Nf6 5. Nc3 d6 6. g4 a6 7. g5 Nfd7 8. Be3
Be7 9. Rg1 Nc6 10. Be2 O-O 11. Qd2 Nxd4 12. Bxd4 b5 13. f4 b4 14. Nd1 e5 15.
Be3 exf4 16. Bxf4 Qb6 17. Ne3 Bb7 18. O-O-O Bxe4 19. Nd5 Bxd5 20. Qxd5 Ne5 21.
h4 Qc7 22. h5 Rac8 23. Qb3 Qc5 24. g6 Qf2 25. gxh7+ Kxh7 26. Qe3 Qxe3+ 27. Bxe3
Rc6 28. Kb1 Rfc8 29. Rd5 f5 30. Rf1 g6 31. Bf4 Rxc2 32. Bxa6 R8c5 33. Bxe5 Rxd5
34. Kxc2 dxe5 35. Bc4 Ra5 36. Bf7 gxh5 37. Rxf5 h4 38. Be6 Kg6 39. Kb3 Bd6 40.
Rf3 e4 41. Rh3 Re5 42. Bc8 e3 43. Rh1 e2 44. Re1 Re3+ {samkic resigns} 0-1

[Event "ICS rated blitz match"]
[Site "204.178.125.65"]
[Date "2000.09.20"]
[Round "?"]
[White "Hossa"]
[Black "Tinker"]
[Result "0-1"]
[WhiteElo "2534"]
[BlackElo "2453"]
[PlyCount "80"]
[EventDate "2000.??.??"]

1. e4 e5 2. Bc4 Nf6 3. d3 c6 4. Bb3 d5 5. Nf3 Bg4 6. exd5 cxd5 7. h3 Bxf3 8.
Qxf3 Nc6 9. c3 e4 10. Qe2 Bc5 11. d4 Be7 12. O-O O-O 13. Bf4 Na5 14. Bc2 Rc8
15. f3 Qb6 16. b3 Nc6 17. Rd1 Nh5 18. Be3 f5 19. fxe4 Ng3 20. Qf3 Nxe4 21. Bd3
Bd6 22. Rc1 f4 23. Bf2 Nxf2 24. Qxd5+ Kh8 25. Bc4 Ne7 26. Qe6 Nxh3+ 27. gxh3
Rf6 28. Qe2 Rg6+ 29. Kf2 Nf5 30. Qd3 Ne3 31. Nd2 Rg2+ 32. Kf3 Rg3+ 33. Ke2 Nxc4
34. Nxc4 Qc6 35. Nxd6 Qg2+ 36. Ke1 Rxd3 37. Nf7+ Kg8 38. Rc2 Re3+ 39. Kd1 Qf1+
40. Kd2 Rd3# {Hossa checkmated} 0-1

[Event "ICS Rated blitz match"]
[Site "204.178.125.65"]
[Date "2000.09.20"]
[Round "?"]
[White "Tinker"]
[Black "Hossa"]
[Result "0-1"]
[WhiteElo "2473"]
[BlackElo "2514"]
[PlyCount "116"]
[EventDate "2000.??.??"]

1. Nf3 d5 2. d4 c6 3. Bf4 Bf5 4. e3 e6 5. Nbd2 Nf6 6. Nh4 Bg4 7. Be2 Bxe2 8.
Qxe2 Bd6 9. Bxd6 Qxd6 10. Nhf3 O-O 11. O-O Nbd7 12. e4 dxe4 13. Nxe4 Nxe4 14.
Qxe4 Nf6 15. Qe5 Rfd8 16. Rfd1 Qb4 17. b3 Qc3 18. Rac1 Qb2 19. a4 b6 20. Re1
Rac8 21. Qe3 c5 22. dxc5 Rxc5 23. Ne5 Nd5 24. Qf3 Rc7 25. c4 Nb4 26. Rcd1 Re8
27. Re2 Qa3 28. Red2 f6 29. Qa8 Kf8 30. Rd8 Rce7 31. Rxe8+ Rxe8 32. Nd7+ Kf7
33. Qxa7 Re7 34. Qxb6 Qxb3 35. Qd6 Qxc4 36. Rd4 Qc1+ 37. Rd1 Qc4 38. Nb6 Qc2
39. Rf1 Nd3 40. Qg3 Nc1 41. Qf3 Ne2+ 42. Kh1 Nd4 43. Qe3 Qc5 44. Rb1 Rb7 45.
Qe4 Rxb6 46. Qxh7 Nf5 47. Rd1 Qxf2 48. a5 Rb2 49. Qh5+ g6 50. Qf3 Qxf3 51. gxf3
Ra2 52. Rd7+ Ke8 53. Rd1 Rxa5 54. Re1 Nd4 55. Re3 Ra2 56. Rd3 e5 57. Kg1 Ne2+
58. Kf1 Nf4 {Tinker resigns} 0-1

[Event "ICS rated blitz match"]
[Site "204.178.125.65"]
[Date "2000.09.20"]
[Round "?"]
[White "Hossa"]
[Black "Tinker"]
[Result "0-1"]
[WhiteElo "2528"]
[BlackElo "2459"]
[PlyCount "174"]
[EventDate "2000.??.??"]

1. e4 e5 2. Nf3 Nc6 3. c3 Nf6 4. Qc2 d6 5. Bb5 Bd7 6. O-O Qe7 7. d3 O-O-O 8. b4
g6 9. Ba4 Bg7 10. b5 Na5 11. c4 Ng4 12. Nc3 Nf6 13. Nd5 Nxd5 14. cxd5 b6 15.
Bg5 f6 16. Rac1 Bg4 17. Be3 Bxf3 18. gxf3 h5 19. f4 Qd7 20. Kh1 Bh6 21. fxe5
fxe5 22. Bxh6 Rxh6 23. f4 exf4 24. Rxf4 g5 25. Rf5 Rg6 26. Rcf1 Rg7 27. Qc3 g4
28. Rf8 Qe7 29. Rxd8+ Kxd8 30. Bd1 Rh7 31. Rf5 Rh6 32. Be2 Ke8 33. Rf1 Kd8 34.
Rf2 Kc8 35. a4 Kb8 36. Kg1 Ka8 37. Rf1 Nb7 38. d4 Rg6 39. Qe3 Nd8 40. Qf4 Kb8
41. Qf8 Qh4 42. Rf4 Qe1+ 43. Bf1 g3 44. Qxd8+ Kb7 45. Qh4 Rg4 46. Qxg4 hxg4 47.
Rf7 Qxe4 48. hxg3 Qxd4+ 49. Rf2 Kc8 50. Be2 Kd8 51. Bf1 Qxa4 52. Kh2 Qd4 53.
Rf4 Qxd5 54. Rxg4 c5 55. bxc6 Qd2+ 56. Bg2 d5 57. Rg6 Kc7 58. Rg7+ Kxc6 59.
Rxa7 b5 60. Ra8 b4 61. Rb8 Kc7 62. Rb5 d4 63. g4 Qf4+ 64. Kh3 d3 65. Rc5+ Kb6
66. Rc6+ Kb5 67. Rc8 d2 68. Bc6+ Ka5 69. Ra8+ Kb6 70. Ba4 Qf3+ 71. Kh2 Qxa8 72.
Bc2 Qa2 73. Bd1 Qa1 74. Bf3 d1=Q 75. Bxd1 Qxd1 76. Kg3 Qxg4+ 77. Kxg4 b3 78.
Kh4 b2 79. Kh5 Kc7 80. Kh6 b1=Q 81. Kg5 Qd3 82. Kh4 Kd8 83. Kg5 Qe4 84. Kh5 Ke8
85. Kh6 Qg4 86. Kh7 Kf7 87. Kh8 Qh3# {Hossa checkmated} 0-1